2023 European Military Ranking - Statistics

General Stats
  • This quiz has been taken 95 times
  • The average score is 14 of 15
Answer Stats
Hint Answer % Correct
2 United Kingdom
100%
3 France
99%
7 Spain
99%
4 Italy
98%
1 Russia
98%
8 Germany
95%
11 Sweden
94%
6 Poland
93%
5 Ukraine
92%
13 Portugal
89%
10 Norway
88%
12 Netherlands
87%
9 Greece
83%
14 Switzerland
77%
15 Romania
76%
No matching quizzes found
Score Distribution
Percent of People with Each Score
Percentile by Number Answered
Your Score History
You have not taken this quiz